Quizzes
Events
Quiz Creation
Community
Videos
Private Events
Remove Ads
Sign In
Join for FREE
Feedback
Dark Mode
Quiz Categories
Sports
Geography
Music
Movies
Television
Just For Fun
Miscellaneous
History
Literature
Language
Science
Gaming
Entertainment
Religion
Holiday
For Kids
Quiz Lab
Recent
Popular Today
Quiz Kudos Today
Editor Picks
Curator Picks
Quizzes by...
Day
Popularity
Type
Ratings
Length
Year
Community
Subscriptions
Recent Discussions
Orange Saloon
Badges
Playlists
Quests
Create
Leaderboards
Showdown
Live 5
Trivia Bingo
Activity
Puzzle Library
Sporcle Events
Private Events
Virtual Trivia
Globe League
Become a Host
Pub Owners
SporcleCon
Opinionation
Our Games
Videos
Blog
Mobile Apps
Partnerships
Remove Ads and Go Orange
Feedback
Music
Pop Music
The Beatles
Song
Album
Lyrics
Bands
Singers
Artist
Clip
Rock
Rap
Classical
Billboard
Country Music
Kpop
Taylor Swift
Music
Pop Music
The Beatles
Song
Album
Lyrics
Bands
Singers
Artist
Clip
Rock
Rap
Classical
Billboard
Country Music
Kpop
Taylor Swift
Random Quiz
Search Sporcle
×
Quiz Lab
Quiz Lab
Music
Lyrics
Type in answers that appear in a list
Type in answers that appear in a list
Classic
Best Score? Go Orange.
'The party song' Lyrics by blink-182 (Part 1) Stats
Can you name the lyrics from the first part of this blink-182 song?
By
lolmusiclol
10m
240 Questions
180 Plays
180 Plays
180 Plays
Comments
Comments
Give Quiz Kudos
Give Quiz Kudos
-
- Ratings
hide this ad
Replay
Link that replays current quiz
Next Quiz
Link to next quiz in quiz playlist
You Got
0%
They Got
Avg Score
80%
Avg Friend Score
Upgrade to see
Score Distribution
Jump to the score distribution portion of the page
Score
0/240
Timer
10:00
0
Plays Today
Lyrics
% Correct
you
97.8%
Do
97.8%
go,
97.2%
motherf*****s!
96.7%
Here
96.1%
a
96.1%
a
96.1%
a
96.1%
you
95.6%
to
95.6%
11:30.
95.6%
to
95.6%
to
95.6%
to
95.6%
to
95.6%
party?
95%
me
95%
I
95%
I
95%
I
95%
I
95%
party.
95%
I
95%
I
95%
I
95%
party.
95%
I
95%
I
95%
I
95%
me.
95%
My
94.4%
my
94.4%
my
94.4%
my
94.4%
the
93.9%
the
93.9%
the
93.9%
the
93.9%
the
93.9%
the
93.9%
the
93.9%
the
93.9%
the
93.9%
the
93.9%
the
93.9%
the
93.9%
wanna
93.3%
friends
91.7%
in
91.7%
at
91.7%
at
91.7%
in
91.7%
in
91.7%
in
91.7%
in
91.7%
at
91.7%
at
91.7%
her
91.1%
up
90.6%
we
90%
there.
89.4%
there
89.4%
be
89.4%
So
89.4%
and
89.4%
and
89.4%
And
89.4%
so
89.4%
And
89.4%
there,
89.4%
and
89.4%
be
89.4%
And
89.4%
and
89.4%
come
88.3%
with
88.3%
with
88.3%
with
88.3%
some
87.8%
some
87.8%
Lyrics
% Correct
some
87.8%
some
87.8%
Some
87.8%
some
87.8%
on
87.2%
on
87.2%
on
87.2%
girls
86.7%
girls
86.7%
girls
86.7%
girls
86.7%
girls
86.7%
girls
86.7%
was
86.1%
their
85.6%
thing's
85.6%
house
85.6%
hair.
85.6%
that
85.6%
that
85.6%
that
85.6%
things
85.6%
their
85.6%
things
85.6%
then
85%
then
85%
standing
85%
eyes
85%
long
85%
She
85%
she
85%
truck
84.4%
have
84.4%
have
84.4%
have
84.4%
have
84.4%
too
84.4%
too
84.4%
too
84.4%
but
83.9%
but
83.9%
wasn't
83.9%
stand.
83.9%
green
83.9%
blond
83.9%
wasn't
83.9%
But
83.9%
saw
83.3%
wearing
83.3%
underwear,
83.3%
try
83.3%
hard.
83.3%
try
83.3%
hard.
83.3%
try
83.3%
hard
83.3%
they
82.8%
they
82.8%
one,
82.2%
fun,
82.2%
we'd
80.6%
we'd
80.6%
watch
80.6%
way
80.6%
chest
80.6%
This
80%
are
80%
This
80%
dress,
80%
for
79.4%
for
79.4%
might
79.4%
impress
79.4%
those
78.9%
frat
78.3%
people
78.3%
would
78.3%
would
78.3%
or
78.3%
would
78.3%
Lyrics
% Correct
or
78.3%
people
78.3%
head
78.3%
maybe
78.3%
maybe
78.3%
night
78.3%
cool
77.8%
into
76.1%
least
76.1%
sunrise.
76.1%
no
75.6%
back
75.6%
learned
75.6%
picked
75%
love
75%
is
75%
all
75%
all
75%
attention.
74.4%
affection.
74.4%
someone
73.9%
catch
73.9%
someone
73.9%
headed
73.3%
never
72.8%
searching
72.8%
got
72.8%
same,
72.2%
out
71.1%
look
71.1%
these
70.6%
these
70.6%
guys
70.6%
doing
70%
keg
70%
free.
68.9%
tequila
68.9%
suggest
68.9%
who
68.3%
paid
68.3%
game.
67.8%
home,
67.8%
backyard
66.7%
lame,
66.7%
wish
66.7%
prayed...
66.7%
three
66.1%
stayed
66.1%
terrible
65.6%
watching
65.6%
place
65%
TV
65%
band,
62.8%
beer
61.7%
ska
61.7%
dreamed
60.6%
background
60%
bed
60%
where
57.2%
give
56.7%
porn
55.6%
sex
55.6%
them
55.6%
phone.
54.4%
put
53.9%
I'd
53.3%
after
53.3%
Reluctant
52.2%
alone
51.7%
followed,
51.1%
hate,
50%
intoxicate
48.9%
Shined
46.1%
from
46.1%
from
46.1%
down
40.6%
trying
39.4%
state,
38.3%
anywhere
36.7%
Far
35.6%
Quiz Playlist
Details
Report
Send in Message
Add To Playlist
Classic:
Type in answers that appear in a list
Last Updated: Feb 16, 2017
Quiz Scoreboard
CHALLENGE
Sign Up to Join the Scoreboard
Show All
Scores
Hide
Comments
May contain spoilers
Recently Published
An Introduction to Baseball
by treessimontrees
Sports
5m
Movies - When Are They Set?
by FPL_Elf
Movies
5m
Popular People in 1961
by mucciniale
History
6m
More to Explore
Quiz From the Vault
Featured Blog Post
Where Did the Easter Bunny Come From?
hide this ad
You Might Also Like...
Tags
Lyrics Quiz
1990s
1999
blink-182
punk
Punk Bands
Punk Songs
Today's Top Quizzes in Music
Browse Music
hide this ad
Today's Top Quizzes in Lyrics
Browse Lyrics
Top Contributed Quizzes in Music
1
Taylor Swift All Songs (2024)
2
Guess the Artist- 70s Songs
3
KPOP LOGIC QUIZ
4
One Thing in Common: Music
5
2010s Album by Cover III
6
Guess the Taylor Swift song (Mystery Song)
7
Taylor Swift Logic Puzzle
8
2010s Album by Cover IV
9
2010s Album by Cover V
10
Kpop Logic Quiz
Explore More
Trending Topics
Crossword
Marvel
Disney
Harry Potter
Anime
Kpop
NBA
NFL
Puzzle
Pokémon
Country
Soccer
WWE
Song
The Office
hide this ad
More By:
lolmusiclol
Quiz
Plays
Rating
Category
Featured
Created
'Irreplaceable' Lyrics
21,760
4.50
Music
Jul 29, 2015
'Black magic' Lyrics by Little Mix
7,184
4.93
Music
Jul 5, 2015
'One last time' Lyrics by Ariana Grande
6,798
4.91
Music
Jul 5, 2015
'Treat you better' Lyrics by Shawn Mendes
6,130
4.67
Music
Aug 4, 2016
'Thinking out loud' Lyrics by Ed Sheeran
6,009
4.57
Music
Jan 1, 2015
Go to Creator's Profile
Score Distribution
Quiz Creator Spotlight
lolmusiclol
Follow
Send a Message
Quizzes Created
-
Created Quiz Play Count
-
More By This Creator
Popular Quizzes Today
1
Find the Countries of Europe - No Outlines Minefield
2
Find the US States - No Outlines Minefield
3
The Countries of the World
4
Popular People in 1961
5
US States
6
Find the US States
7
1-10 Letter E Words III
8
Risky Map Clicking: Biggest States A-Z
More Music Quizzes
Badly Drawn Pop Stars
Quiz Lab
Trending Quizzes
Risky Map Clicking: Least Populous States A-Z
1-10 Letter F Words
1-10 Letter G Words
Not Quite an Element Typing Challenge
One Thing in Common: United Kingdom
Recently Updated
Leaping Animals
pecheneg
Reality TV Shows (A-Z)
bhenderson79
Rickey Henderson's Hall of Fame Teammates
pecheneg
Champions League XIs: Arsenal
pecheneg
Quick Pick: Celebrities in WWE's Hall of Fame
aduchscher
A-Z Keypad Blitz II
pecheneg
Multiple Oscar Actors
pecheneg
Mystery Phrase Blitz: Oscar 'Best Actors'
pecheneg
F. Scott Fitzgerald Novels
LTH
Pick 3 Villains
ddd62291
Trending Topics
Marvel
Anime
Harry Potter
Kpop
NBA
Disney
Crossword
Puzzle
Pokémon
WWE
Soccer
The Office
Song
Country
NFL
Your Account Isn't Verified!
In order to create a playlist on Sporcle, you need to verify the email address you used during registration. Go to your
Sporcle Settings
to finish the process.
Report this User
Report this user for behavior that violates our
Community Guidelines
.
Details:
Send Report
Go to the Sporcle.com Mobile Site →
Comments